MARC детайли
| 000 -Лидер |
| Контролно поле с фиксирана дължина |
02957nam a2200481 c 4500 |
| 003 - Код на организацията, давaща контролен номер |
| Контролно поле |
BLK |
| 005 - Дата и час на последна редакция |
| Контролно поле |
20240119174104.0 |
| 008 - Елементи от данни с фиксирана дължина |
| fixed length control field |
180409b bul|||||r ||||||| ||bul|| |
| 010 ## - Наследен системен номер |
| LC control number |
KNG00136247000 |
| 020 ## - Международен стандартен номер на книга ISBN |
| Международен стандартен номер на книга ISBN |
978-954-516-670-9 |
| -- |
издат.: Летера |
| 040 ## - Източник на каталожния запис |
| Идентификатор на билиотеката - собственик на записа |
BLK |
| 041 ## - Код за език |
| Код за езика на текст/звукозапис или на отделно заглавие |
Български |
| Код за езика КДБФ |
Български |
| 072 #7 - Код за тематичната категория |
| Код организация |
bullib |
| Код за тематична категория |
Н86 |
| Текст |
Детска отраслова литература Н |
| 080 ## - УДК |
| Текстов определител УДК |
Разпространяване на научните знания - популяризиране на науката, занимателна наука, учение за явленията научно необяснени, заблуждения и фалшификации, илюзии и др. п., секретност на научните знания |
| УДК код - определител по УДК |
001.9 |
| УДК определител |
|
| УДК - код + определител |
001.9 |
| 080 ## - УДК |
| Текстов определител УДК |
Парапсихология. Нумерология. - Халюцинации, пророчества, предсказания, магии, демонология, телепатия, спиритизъм, илюзии, нумерология, мошеничество. Вж и 133 ; 398.4 ; 615.851 |
| УДК код - определител по УДК |
159.961 |
| УДК определител |
|
| УДК - код + определител |
159.961 |
| 080 ## - УДК |
| Текстов определител УДК |
Проблеми на окултното. Теории и системи на езотеричните дисциплини, които изясняват и интерпретират феномените и проблемите на окултното. Вж и 159.961; 291.3 |
| УДК код - определител по УДК |
133 |
| УДК определител |
|
| УДК - код + определител |
133 |
| 100 1# - Редна дума - Автор |
| Автор |
Кьоте, Райнер |
| Авторска отговорност |
първи автор |
| R(LIN) |
86713 |
| 139 ## - Редно поле |
| Редна дума |
Кьоте, Райнер |
| Авторски знак |
Кьо - К 98 |
| 245 10 - Сведения за заглавието |
| Заглавие |
Изяснени и неизяснени феномени |
| Редно поле (дума) |
Райнер Кьоте; ил. Петер Клауке; ил. Франк Климт; прев. Емилия Владимирова Драганова. |
| 257 ## - Страна на издаване |
| Страна на създаване/издаване |
Германия |
| 260 ## - Област на издателските данни |
| -- |
Пловдив |
| Име на издателя, разпространителя и проч. |
Летера |
| Година на издаване |
2007 |
| Печатница |
Отпеч. в Хонконг |
| 300 ## - Физическа характеристика |
| Страници |
48 с. |
| Илюстрации и др. |
с цв. ил. |
| Размери/Мащаб |
28 см |
| 380 ## - Жанр |
| Жанр |
Детска отраслова лит. |
| 490 1# - СЕРИИ (Колекции) |
| Име на серия |
Поредица Какво? Как? Къде? |
| 500 ## - Общи забележки |
| Забележка |
Без сведение за ориг. загл. - Авт. не е отбелязан на кор. - Офс. изд. |
| 650 #4 - Допълнително описание по предмет – тема |
| Основно описание – тема или топоним |
Извънземни цивилизации |
| 9 (RLIN) |
242018 |
| 650 #4 - Допълнително описание по предмет – тема |
| Основно описание – тема или топоним |
Парапсихология |
| 9 (RLIN) |
165687 |
| 653 ## - Ключова дума – ненормативна |
| Ключова дума |
феномени |
| 653 ## - Ключова дума – ненормативна |
| Ключова дума |
извънземни цивилизации |
| 653 ## - Ключова дума – ненормативна |
| Ключова дума |
парапсихология |
| 653 ## - Ключова дума – ненормативна |
| Ключова дума |
литература за деца |
| 653 ## - Ключова дума – ненормативна |
| Ключова дума |
детска литература |
| 659 ## - Тематичен бюлетин |
| Тематичен бюлетин |
Н |
| 700 1# - Други автори (авторска отговорност) |
| Лично име |
Клауке, Петер |
| Автороска отговорност (Описва отношението между автора и произведението) |
ил. |
| 9 (RLIN) |
79607 |
| 700 1# - Други автори (авторска отговорност) |
| Лично име |
Климт, Франк |
| Автороска отговорност (Описва отношението между автора и произведението) |
ил. |
| 9 (RLIN) |
378116 |
| 700 1# - Други автори (авторска отговорност) |
| Лично име |
Драганова, Емилия Владимирова |
| Автороска отговорност (Описва отношението между автора и произведението) |
прев. |
| 9 (RLIN) |
370749 |
| 852 ## - Местоположение |
| Форматна сигнатура |
Цб ІІ 17489 |
| 856 4# - Електронен адрес и достъп |
| Електронен формат |
pdf - файл |
| Път до файла /url/ |
|
| 856 4# - Електронен адрес и достъп |
| Електронен формат |
pdf - файл |
| Път до файла /url/ |
|
| 942 ## - АРТИКУЛИ |
| Вид на библиотечния материал |
Книги |
| Скрит в OPAC |
Не |
| Koha issues (borrowed), all copies |
3 |
| 944 ## - СЪЗДАВАНЕ И РЕДАКЦИЯ на ЗАПИСА |
| Създаване/Редакция |
Създаване |
| Дата на регистрацията/редакция |
06.07.2009 |
| Статус, дата на статуса |
Мира Стойчева |
| Служител, извършил регистрацията/редакцията |
30532 |
| 944 ## - СЪЗДАВАНЕ И РЕДАКЦИЯ на ЗАПИСА |
| Създаване/Редакция |
Редакция |
| Дата на регистрацията/редакция |
09.01.2015 |
| Статус, дата на статуса |
ф / |
| Служител, извършил регистрацията/редакцията |
Людмила_Стоянова |
| 999 ## - СИСТЕМНИ КОНТРОЛНИ НОМЕРА |
| Koha biblionumber |
130482 |
| Koha biblioitemnumber |
130482 |